000
00258nam a2200109Ia 4500
008
190216s9999||||xx |||||||||||||| ||und||
100
_a
Kesavadev P
245
0
_a
Roudi
260
_b
Sahithya Pravarthaka Sahakarana Sangam
650
_a
Malayalam
942
_c
BK
999
_c
25888
_d
25888